| 000 | 00531nam a2200157 i 4500 | ||
|---|---|---|---|
| 001 | 68998 | ||
| 003 | ES-MaACL | ||
| 005 | 20230906170417.0 | ||
| 007 | t| | ||
| 008 | 040825s1871 po ||||1| por d | ||
| 245 | 0 | 0 | _aCatalogo dos objectos offerecidos pelo Governo hespanhol á Academia Real das Bellas Artes de Lisboa e a outros estabelecimientos de Portugal em 1871. |
| 260 |
_aLisboa : _b[s.n.], _c1871 ( _fTyp. Universal) |
||
| 300 |
_a24 p. ; _c17 cm. |
||
| 710 | 1 |
_aEspaña. _bGobierno. _93804 |
|
| 852 | 4 |
_aES-MaACL _jT-149-F-5 |
|
| 999 |
_c68998 _d68998 |
||